000 01086nac a22002897a 4500
001 BR8302499
003 BR-BrBNA
005 20240105115729.0
008 230509b bl.|||m| |||| 00| 0 por d
040 _aBR-BrBNA
_bpor
_cBiblioteca Nacional de Agricultura
072 _aF00
090 _a2320 BR8302499
110 1 _aAssociacao de Assistencia Tecnica e Extensao Rural do Territorio Federal do Amapa, Macapa (Brasil);
_9401
110 1 _aUnidade de Execucao de Pesquisa de Ambito Territorial de Macapa, AP (Brasil)
_910392
245 1 _aSistemas de producao para pimenta-do-reino; Territorio Federal do Amapa [Brasil]
260 3 _aMacapa, AP (Brasil):
_c1983.
300 _a56 p.
490 _aSistemas de Producao - Associacao de Assistencia Tecnica e Extensao Rural do Territorio Federal do Amapa (Brazil)
_vno. 2
_x
650 _aPIMENTA DO REINO
650 _aASSISTENCIA TECNICA
650 _aMANEJO
650 _aPRATICA CULTURAL
650 _aSISTEMA DE PRODUCAO
650 _aAMAPA
909 _a202312
_bLúcia Elande
_c55
_dLúcia Elande
942 _2AGRIS
_n0
_cMS
999 _c276122
_d276122